000
00194 a2200097 4500
001
1387
100
_a
Bernek, L.L
245
_a
Noise reduction
260
_a
_b
Peace pubs
_c
090
_c
935
_d
935
942
_a
NUST-CAE
_c
M
_c
36211
999
_c
236460
_d
236460